| 000 | 00000nam 2200000zi 4500 |
| 001 | 9.894287 |
| 003 | CaOODSP |
| 005 | 20240909145825 |
| 006 | m o d f |
| 007 | cr |n||||||||| |
| 008 | 201203t19761977oncd o f000 0 eng d |
| 020 | |z0660004682 |
| 040 | |aCaOODSP|beng|erda|cCaOODSP |
| 043 | |an-cn--- |
| 086 | |aZ1-1975/1-41-12E-PDF|zZ1-1975/1-41-12 |
| 100 | 1 |aTigert, Don, |eauthor. |
| 245 | 10|aGeorge Weston Limited : |ba corporate background report / |cby D. Tigert ; Burns Bros. and Denton Ltd. |
| 264 | 1|aMississauga, Ontario : |bPhase I Printing Limited, |cJanuary 1976. |
| 264 | 4|bMinister of Supply and Services Canada, |c©1977 |
| 300 | |a1 online resource (v, 168 pages) : |bgraphs. |
| 336 | |atext|btxt|2rdacontent |
| 337 | |acomputer|bc|2rdamedia |
| 338 | |aonline resource|bcr|2rdacarrier |
| 490 | 1 |aStudy ; |vno. 12 |
| 500 | |aDigitized edition from print [produced by Privy Council Office]. |
| 500 | |aIssued also in French under title : La société George Weston Limited : une analyse de sa structure corporative. |
| 505 | 0 |aIntroduction and Overview -- Corporate Structure -- Financial History -- Competitive Position -- Management Corporate Strategy -- Transactions with Parent and Affiliated Companies -- The Acquisition Programme from 1928 to 1975 -- Transactions Involving Minority Interests -- Appendix. |
| 520 | |a"The origins of George Weston Limited ("GWL") date back to 1882. In that year, Mr. George Weston, an 18-year-old baker's apprentice, purchased a bread route in Toronto and entered the bakery business. The business expanded rapidly, so that by 1896 "Weston's" was recognized as Toronto's largest bakery. Mr. Weston opened a modern new bakery in 1896 with a daily capacity of 3,200 loaves of bread. At this time, Mr. Weston had 40 employees and a weekly payroll of $350. Around 1900, the bakery business was incorporated as a private company called George Weston Bread & Cakes Ltd"--Introduction and Overview, page 1. |
| 610 | 20|aGeorge Weston Limited. |
| 610 | 26|aGeorge Weston Limitée. |
| 650 | 0|aIndustrial concentration|zCanada. |
| 650 | 6|aConcentration d'entreprises|zCanada. |
| 710 | 1 |aCanada. |bRoyal Commission on Corporate Concentration, |eissuing body. |
| 775 | 08|tLa société George Weston Limited : |w(CaOODSP)9.943025 |
| 830 | #0|aStudy (Canada. Royal Commission on Corporate Concentration)|vno. 12.|w(CaOODSP)9.873200 |
| 856 | 40|qPDF|s70.32 MB|uhttps://publications.gc.ca/collections/collection_2020/bcp-pco/Z1-1975-1-41/Z1-1975-1-41-12-eng.pdf |